000 00538nam a22001817a 4500
999 _c188873
_d188873
005 20220607103637.0
010 _aENG-133054
020 _a9789382710028
_c400.00
035 _aEN-116586
037 _bDBAD/PUB
082 _a923.573
245 _aS.P.Sen Centenary Volume/
_cEdited by Chittabrata Palit
260 _aKolkata
_bInstitute of Historical Studies
_c2018
270 _a8/1 Loudon Street
_bKolkata
_e700017
300 _a203p.
_c21cm(hbk)
700 _aPalit, Chittabrata
942 _2ddc
_cEN
_mSPS
_h923.573